Music Quiz

Random Music or Song Quiz

Name the Scott Weiland Songs Quiz Stats

 Plays Quiz not verified by Sporcle

Challenge
Share
Tweet
Embed
Score 0/54 Timer 18:00
0 Plays Today
% Correct
Barbarella
93.3%
Missing Cleveland
93.3%
Frances Farmer Will Have Her Revenge on Seattle
80%
Silent Night
80%
Winter Wonderland
80%
Son
73.3%
Lady, Your Roof Brings Me Down
73.3%
Opposite Octave Reaction
73.3%
Sometimes Chicken Soup
73.3%
Crash
66.7%
Have Yourself A Merry Little Christmas
66.7%
Tangle with Your Mind
60%
Paralysis
60%
Fame
60%
Killing Me Sweetly
60%
Fame
60%
The Jean Genie
60%
The Christmas Song
60%
Mockingbird Girl
53.3%
It's The Most Wonderful Time of the Year
53.3%
Desperation #5
46.7%
Beautiful Day
46.7%
I'll Be Home For Christmas
46.7%
White Christmas
46.7%
Happy Christmas and Many More
46.7%
Jimmy Was a Stimulator
40%
Blind Confusion
40%
% Correct
What Child is This?
40%
O Holy Night
40%
About Nothing
33.3%
Where's the Man
33.3%
Divider
33.3%
Cool Kiss
33.3%
The Date
33.3%
Blister on My Soul
33.3%
Big Black Monster
33.3%
Somethings Must Go This Way
33.3%
Pictures & Computers (I'm Not Superman)
33.3%
Reel Around the Fountain
33.3%
Arch Angel
33.3%
Let Down
33.3%
Dead Flowers
33.3%
Revolution
33.3%
But Not Tonight
33.3%
Reel Around the Fountain
33.3%
She Sold Her System
26.7%
Hyper-Fuzz-Funny-Car
26.7%
The Man I Didn't Know
26.7%
Sentimental Halos
26.7%
Be Not Afraid
26.7%
I Am the Resurrection
26.7%
Personality Crisis
26.7%
Into Your Arms
26.7%
Waitin' for a Superman
26.7%

You're not logged in!

Compare scores with friends on all Sporcle quizzes.
OR
Log In

You Might Also Like...

Show Comments

Extras

Top Quizzes Today


Score Distribution

Your Account Isn't Verified!

In order to create a playlist on Sporcle, you need to verify the email address you used during registration. Go to your Sporcle Settings to finish the process.

Report this User

Report this user for behavior that violates our Community Guidelines.

Details: